ANTHROPOLOGIE DER SLAWEN AUS DEM GRÄBERFELD IN NOVÉ ZÁMKY

Bibliographic Details
Main Authors: Stloukal, Milan, 1931- (Author), Hanáková, Hana, 1933- (Author)
Format: Article
Language:German

MARC

LEADER 00000nab a2200000 a 4500
001 vtls011129996
003 SK-MaSNL
005 20260303151140.0
008 230222|1966 xo |||||||||||||||||ger|
015 |a SNBRB 
035 |a (uuid)ddc4ba2f-fdc9-4c39-bed2-0259708b1b1e 
035 |a (urnnbn)urn:nbn:sk:snk:ar-a09jj2 
035 |a urn:nbn:sk:snk-aba7my 
040 |a SNKBUCL  |b slo  |c SNKBUCL  |e AACR2 
041 0 |a ger 
044 |a xo  |c SK 
100 1 |a Stloukal, Milan,  |d 1931-  |4 aut  |9 209505 
245 1 0 |a ANTHROPOLOGIE DER SLAWEN AUS DEM GRÄBERFELD IN NOVÉ ZÁMKY  |c Milan Stloukal, Hana Hanáková 
700 1 |a Hanáková, Hana,  |d 1933-  |4 aut  |9 117199 
773 0 |t Slovenská archeológia  |g Roč. 14, č. 1 (1966), s. [167]-204 
958 |a OND 
958 |a EUIPO 
958 |a article13 
999 |c 2016355  |d 2018285